000 00632cam a2200229 a 4500
001 3742623
005 20180116044126.0
008 830816s1981 enka b 000 0 eng
010 _a 81188230
020 _a0416319505 :
_c£11.00
040 _aDLC
_cDLC
_dDLC
_dOCoLC
041 _aeng
043 _ae-uk---
080 _a331.2941
082 0 0 _a331.2941 BRO
_219
100 1 _a57
101 _aQMI
245 1 2 _aA perspective of wages and prices /
_cHenry Phelps Brown and Sheila V. Hopkins.
504 _aIncludes bibliographical references.
906 _a7
_bcbc
_corignew
_d3
_encip
_f19
_gy-gencatlg
942 _2ddc
_cBK
999 _c40352
_d40352